000 00352 a2200109 4500
001 ART_19186
005 20260410161921.0
008 260409a
245 1 0 _aConvenios de correspondencia gremial en materia previsional
100 1 _aCapon Filas, Rodolfo E.
773 0 _tLa información
_g- Tomo XXXIX, Nº 592 (abr. 1979)
_wREV14902
999 _c27694
_d27694